Hand book of measuring units and conversions / (Record no. 5413)
[ view plain ]
| 000 -LEADER | |
|---|---|
| fixed length control field | 00619cam a2200241ua 4500 |
| 020 ## - INTERNATIONAL STANDARD BOOK NUMBER | |
| ISBN | 81 261 0212 8 |
| 041 ## - LANGUAGE CODE | |
| Language code of text/sound track or separate title | eng |
| 082 ## - DEWEY DECIMAL CLASSIFICATION NUMBER | |
| Classification number | 028.71621 |
| Item number | KAC/HA |
| 100 ## - MAIN ENTRY--AUTHOR NAME | |
| Personal name | Kachru, R P . |
| 245 ## - TITLE STATEMENT | |
| Title | Hand book of measuring units and conversions / |
| 260 ## - PUBLICATION, DISTRIBUTION, ETC. (IMPRINT) | |
| Place of publication | Newdelhi : |
| Name of publisher | Anmol publications pvt ltd , |
| Year of publication | 1999. |
| 300 ## - PHYSICAL DESCRIPTION | |
| Number of Pages | 182 ; . |
| 700 1# - ADDED ENTRY--PERSONAL NAME | |
| Personal name | Jain, A K. |
| 700 1# - ADDED ENTRY--PERSONAL NAME | |
| Personal name | Singh, G . |
| 942 ## - ADDED ENTRY ELEMENTS (KOHA) | |
| Koha item type | Books |
| Withdrawn status | Lost status | Damaged status | Home library | Current library | Date acquired | Full call number | Accession Number | Koha item type |
|---|---|---|---|---|---|---|---|---|
| KAUAET | 07/04/2012 | 028.71621 | 20219 | Books | ||||
| KAUAET | KAUAET | 07/04/2012 | 028.71621 | 20217 | Books | |||
| KAUAET | KAUAET | 07/04/2012 | 028.71621 | 20220 | Books | |||
| KAUAET | KAUAET | 07/04/2012 | 028.71621 | 20218 | Books | |||
| KAUAET | KAUAET | 07/04/2012 | 028.71621 | 20221 | Books |
